| 000 | 00595nam a2200217 i 4500 | ||
|---|---|---|---|
| 001 | 179400 | ||
| 003 | ES-MaACL | ||
| 005 | 20250315062601.0 | ||
| 008 | 111117s2011 sp |||| | spa d | ||
| 020 | _a978-84-321-3946-8 | ||
| 080 | _a821.134.2-14"19" | ||
| 100 | 0 |
_aAlonso Burgos, Jesús. _920266 |
|
| 245 | 1 | 0 |
_aEstrategias de la usura / _cJesús Alonso Burgos. |
| 250 | _a[1ª ed.]. | ||
| 260 |
_aMadrid : _bRialp, _c[2011] |
||
| 300 |
_a55 p. ; _c17 cm. |
||
| 490 | 1 |
_aAdonáis ; _v625 |
|
| 830 | 0 | 0 |
_aAdonáis _v625 _9173743 |
| 852 |
_aES-MaACL _jJ-23-625 |
||
| 999 |
_c179400 _d179400 |
||